| 000 | 00732nam a2200205 i 4500 | ||
|---|---|---|---|
| 001 | 97118 | ||
| 003 | ES-MaACL | ||
| 005 | 20251001144814.0 | ||
| 007 | t| | ||
| 008 | 050706s1962 sp ||||1| cat d | ||
| 100 | 1 |
_aManyà, Joan B. _b1884-1976. _976191 |
|
| 245 | 1 | 0 |
_aSant Vicents Ferrer a Casp i a Perpinya / _cpor J. B. Manyà. |
| 260 |
_aTarragona : _bDiputación Provincial, _c1962. |
||
| 300 |
_a78 p., 2 lám ; _c25 cm. |
||
| 500 | _aPrecede al tít.: Instituto de Estudios Tarraconenses "Ramón Berenguer IV" | ||
| 600 | 0 | 4 |
_aVicente Ferrer, _cSanto, _d1350-1419 _9114355 |
| 710 | 2 |
_aInstituto de Estudios Tarraconenses "Ramón Berenguer IV" _94935 |
|
| 852 |
_aES-MaACL _jC-24767 _bR.51409 |
||
| 999 |
_c97118 _d97118 |
||